MARC

LEADER 00000nam0a2200000 4500
001 308824
005 20231102002130.0
035 |a (RuTPU)RU\TPU\book\334145 
090 |a 308824 
100 |a 20151106d1976 k y0rusy50 ca 
101 0 |a rus 
102 |a RU 
105 |a a z 001zy 
200 1 |a Цепи размерные. Методы суммирования векторных погрешностей  |e рекомендации  |f СССР, Государственный комитет стандартов (Госстандарт) ; Всесоюзный научно-исследовательский институт по нормализации в машиностроении (ВНИИНМАШ) 
210 |a Москва  |c Изд-во ВНИИНМАШ  |d 1976 
215 |a 53 с.  |c ил. 
320 |a Библиогр.: с. 51-52 
606 1 |a Допуски и посадки  |x Стандартизация  |2 stltpush  |3 (RuTPU)RU\TPU\subj\10009  |9 37150 
610 1 |a машиностроение 
610 1 |a цепи 
610 1 |a размерные цепи 
610 1 |a погрешности 
610 1 |a суммирование 
610 1 |a термины 
675 |a 621.753.1/.2  |v 4 
712 0 1 |a СССР  |b Государственный комитет стандартов (Госстандарт)  |c (1970-1978)  |2 stltpush  |3 (RuTPU)RU\TPU\col\4389 
712 0 2 |a Всесоюзный научно-исследовательский институт по нормализации в машиностроении (ВНИИНМАШ)  |2 stltpush  |3 (RuTPU)RU\TPU\col\4390 
801 1 |a RU  |b 63413507  |c 20151106 
801 2 |a RU  |b 63413507  |c 20160812  |g RCR 
942 |c BK